000 00339nam a22001457a 4500
999 _c6436
_d6434
005 20210831145713.0
008 200522b xxu||||| |||| 00| 0 eng d
041 _aeng
082 _a340
245 _aThe Central excise Act 1944
260 _aDelhi
_bProfessional Book Publishers
300 _a97p.
650 _aLaw
_95701
942 _cBK